| 000 | 00645nam a2200193Ia 4500 | ||
|---|---|---|---|
| 008 | 090123s9999 xx 000 0 und d | ||
| 082 | _b37245 | ||
| 100 | _aकर्वे वा.बा. | ||
| 245 | _aसाद ईशान्य भारताची | ||
| 250 | _a1 | ||
| 260 |
_bस्नेहल प्रकाशन _c2004 |
||
| 300 | _a143 | ||
| 600 | _aकर्वे वा.बा. | ||
| 630 | _aसाद ईशान्य भारताची | ||
| 700 | _aघैसास वासंती | ||
| 700 | _aकर्वे वा.बा. | ||
| 730 | _aसाद ईशान्य भारताची | ||
| 942 | _cBOOK | ||
| 999 |
_c75314 _d75314 |
||